Central Library OPAC University of Rajshahi

North America / (Record no. 23224)

MARC details
000 -LEADER
fixed length control field 00915nam a22003131 4500
001 - CONTROL NUMBER
control field 23224
003 - CONTROL NUMBER IDENTIFIER
rucl marc code BD-RjUL
005 - DATE AND TIME OF LATEST TRANSACTION
control field 20211209000915.0
008 - FIXED-LENGTH DATA ELEMENTS--GENERAL INFORMATION
fixed length control field 700415s1968 enkab b 001 0 eng
020 ## - INTERNATIONAL STANDARD BOOK NUMBER
International Standard Book Number 0712114068
035 ## - SYSTEM CONTROL NUMBER
System control number (BD-RjUL)23289
040 ## - CATALOGING SOURCE
Original cataloging agency DLC
Transcribing agency DLC
Modifying agency DLC
-- BD-RjUL
Language of cataloging eng
041 ## - LANGUAGE CODE
Language code of text/sound track or separate title eng
082 00 - DEWEY DECIMAL CLASSIFICATION NUMBER
Classification number 917
Author mark and year HUN 1968
100 1# - MAIN ENTRY--PERSONAL NAME
Personal name Hudson, Fred Stansfield.
9 (RLIN) 71585
245 10 - TITLE STATEMENT
Title North America /
Statement of responsibility, etc. F. S. Hudson.
250 ## - EDITION STATEMENT
Edition statement 2nd ed.
260 ## - PUBLICATION, DISTRIBUTION, ETC. (IMPRINT)
Place of publication, distribution, etc. London :
Name of publisher, distributor, etc. Macdonald & Evans,
Date of publication, distribution, etc. c1968.
300 ## - PHYSICAL DESCRIPTION
Pagination xx, 460 p. :
Illustrations ill., maps. ;
Size 23 cm.
350 ## - PRICE (NR) (BK AM CF MU VM SE) [OBSOLETE]
Price 27/6
490 0# - SERIES STATEMENT
Series statement New certificate geography series. Advanced level
504 ## - BIBLIOGRAPHY, ETC. NOTE
Bibliography, etc Bibliography: p. 440-441. and index.
651 #0 - SUBJECT ADDED ENTRY--GEOGRAPHIC NAME
Geographic name North America
General subdivision Geography.
9 (RLIN) 71586
Geographic name Central America
General subdivision Geography.
9 (RLIN) 71587
Geographic name West Indies
General subdivision Geography.
9 (RLIN) 71588
942 ## - ADDED ENTRY ELEMENTS (KOHA)
Source of classification or shelving scheme Dewey Decimal Classification
Koha item type Books
Holdings
Lost status Source of classification or shelving scheme Damaged status Not for loan Collection code Permanent Location Current Location Shelving location Date acquired Source of acquisition Cost, normal purchase price Total Checkouts Full call number Date last seen Copy number Koha item type
  Dewey Decimal Classification     Non-fiction Central Library, University of Rajshahi Central Library, University of Rajshahi   03/03/1969 Mirza book agency 17.88   917 HUN 1968 10/03/2014 C-3 Books